00135 a2200073 4500100001200000245002200012260001000034999001700044 aRakshit a, R For Beginners b, MHE c41182d41182